000 00641nam a2200217Ia 4500
005 20230211113608.0
008 131103s9999 xx 000 0 und d
020 _a0 7051 0101 1
_c1.25 pds
040 _aLoreto College
041 _aEnglish
082 _a820.8
_bMAY
245 _aAlready tomorrow
_b an anthology of verse and prose
_ccollected and arranged by Dorothy Maynard
260 _aLondon
_bMitre Press
_c1971
300 _a108 p.
504 _aIncludes authors index
650 _aEnglish Literature -
651 _aCollections - Miscellaneous Writing -
700 _aMaynard, Dorathy
850 _aLCLIB
942 _cBK
999 _c1618
_d52097